01200nab a22002657a 4500999001500000003000400015005001700019008004100036040000700077100004500084245018100129260007300310300001500383500002600398505007700424505008200501650002300583650003300606650002500639650003400664650003400698650003200732773015700764942001300921 c5274d5274OSt20250211131604.0190429b xxu||||| |||| 00| 0 spa d cPJ aLuque Wickham, María Guillermina9632910a¿Por qué penar la obtención y la difusión no consentidas de material íntimo o erótico?bargumentos desde un enfoque de género /cMaría Guillermina Luque Wickham. cCiudad Autónoma de Buenos Aires :aThomson Reuters La Ley, b2025. ap. 141-169 aCita: AR/DOC/69/2025. aSumario: I. Propósito.— II. Los argumentos.— III. Conclusión.  tSi te interesa el texto completo, solicitalo a koha@justierradelfuego.gov.ar  09343aDERECHO PENAL 092724aDERECHO A LA INTIMIDAD 095585aCONSENTIMIENTO 094044aPERSPECTIVA DE GÉNERO 095817aINTELIGENCIA ARTIFICIAL 093053aVIOLENCIA DE GÉNERO0 0265893164tRevista de derecho penal y criminología. Nº 1 - Febrero 2025dCiudad Autónoma de Buenos Aires : Thomson Reuters La Ley, 2017-x00347914 2udccANA